Statistics for NASCAR Brickyard 400 Winners

Click here to take the quiz!

General Stats

  • This quiz has been taken 535 times
    (448 since last reset)
  • The average score is 23 of 27

Answer Stats

YearWinner% Correct
1994Jeff Gordon
99%
1998Jeff Gordon
99%
2014Jeff Gordon
99%
2001Jeff Gordon
99%
2004Jeff Gordon
99%
2006Jimmie Johnson
95%
2012Jimmie Johnson
95%
2009Jimmie Johnson
95%
2008Jimmie Johnson
95%
2016Kyle Busch
95%
2015Kyle Busch
95%
2019Kevin Harvick
93%
2020Kevin Harvick
93%
2003Kevin Harvick
93%
1995Dale Earnhardt
92%
2005Tony Stewart
90%
2007Tony Stewart
90%
2018Brad Keselowski
85%
2017Kasey Kahne
81%
2013Ryan Newman
79%
2000Bobby Labonte
74%
2011Paul Menard
73%
1999Dale Jarrett
71%
1996Dale Jarrett
71%
2010Jamie McMurray
66%
2002Bill Elliott
65%
1997Ricky Rudd
48%

Score Distribution

Percentile by Number Answered

Percent of People with Each Score

Your Score History

You have not taken this quiz since the last reset